| 000 | 00000nam##2200000za#4500 |
| 001 | 9.697971 |
| 003 | CaOODSP |
| 005 | 20210624235722 |
| 007 | cr ||||||||||| |
| 008 | 150407|2004||||xxc|||||o f|0| 0 eng|d |
| 040 | |aCaOODSP|beng |
| 043 | |an-cn--- |
| 086 | 1 |aEn4-190/2004E-PDF |
| 110 | 1 |aCanada. |bEnvironment Canada. |bAudit and Evaluation Branch. |
| 245 | 10|aAudit of occupational safety and health at Environmental Protection Service (EPS) research centres |h[electronic resource] |
| 260 | |aGatineau - Quebec : |bEnvironment Canada. |cJuly 2004. |
| 300 | |a32p.|btables |
| 590 | |a13-14-Supp|b2013-05-30 |
| 690 | 07|aOccupational health|2gcpds |
| 690 | 07|aWorkplace safety|2gcpds |
| 775 | 08|tVérification de la santé et de la sécurité au travail dans les centres de recherche du Service de protection de l'environnement (SPE) |w(CaOODSP)9.641965 |
| 856 | 40|ahttp://publications.gc.ca|qPDF|s150 KB|uhttps://publications.gc.ca/collections/collection_2013/ec/En4-190-2004-eng.pdf |